[Event "Siemens Giants"]
[Site "Frankfurt"]
[Date "1999.06.30"]
[Round "5"]
[White "Anand, Viswanathan"]
[Black "Karpov, Anatoly"]
[Result "0-1"]
[WhiteElo "2781"]
[BlackElo "2710"]
[Annotator "Blatny,P"]
[PlyCount "60"]
[EventDate "1999.06.29"]
[EventType "tourn (rapid)"]
[EventRounds "12"]
[EventCountry "GER"]
[EventCategory "21"]
[SourceTitle "CBM 072"]
[Source "ChessBase"]
[SourceDate "1999.10.01"]
[SourceVersion "1"]
[SourceVersionDate "1999.10.01"]
[SourceQuality "1"]

{[%mdl 128]} 1. e4 e5 2. Nf3 Nf6 3. Nxe5 d6 4. Nf3 Nxe4 5. d4 d5 6. Bd3 Nc6 7.
O-O Be7 8. c4 Nb4 9. cxd5 Nxd3 {Zu dieser Stellung gibt es eine interessante
Geschichte. Während ich mit dieser Variante sehr beschäftigt war (aufgrund
analysieren für CBM 72), bekam ich beim Blitzen im ICC (Internet Chess Club)
die Gelegenheit, meine Kenntnisse selbst als Weisser auszuprobieren. Mein
Gegner "deadflower" hatte aber vergessen, auf d3 zu schlagen:} (9... Qxd5 $2
10. Bxe4 $1 Qxe4 11. Re1 {Weiss bekommt wichtige Zeit und der schwarze König
bleibt noch im Zentrum...} Qc2 (11... Qd5 12. Rxe7+ $1 Kxe7 13. Qe1+ $18) 12.
Rxe7+ {Diese Idee habe ich aus der Partie Anand-Kramnik "gelernt"!} Kxe7 13.
Qe1+ Kd8 14. Na3 $1 Qa4 15. b3 Qa5 (15... Nd3 $142 16. bxa4 Nxe1 17. Nxe1 {
und die Realisation des weissen Vorteils ist technisch noch nicht so leicht.})
16. Nc4 Qb5 17. a4 {und Weiss gewinnt.}) 10. Qxd3 Qxd5 11. Re1 Bf5 12. g4 $1
Bg6 13. Nc3 Nxc3 14. Qxc3 Kf8 $6 {Diese Art der Entfessellung auf der e- Linie
wird nach der Partie Anand-Kramnik aus 7. Runde wohl nie wiederholt, besser
sieht entweder} (14... f6 {oder}) (14... Qd6 {aus, beide Fortsetzungen finden
Sie in diesem CBM 72 (Anand-Sokolov, resp. Anand-Kramnik)}) 15. Bf4 ({Nicht
aber} 15. Qxc7 {weil Schwarz nach} Bd6 $1 16. Qc3 h5 $1 {eine gefährliche
Initiative bekommt. Das Läuferpaar zusammen mit der starken Dame auf d5 bietet
bei geschwächter weisser Königsstellung mehr als genügende Kompensation für
den Bauern.}) 15... c6 16. Re3 $6 (16. Rxe7 $3 {--> Anand-Kramnik}) 16... h5
17. g5 h4 18. Rae1 Qf5 $6 (18... Re8 19. Qa3 $1 (19. Qb3 $5) 19... Qxf3 $8 (
19... Qd7 $4 20. Rxe7 Rxe7 21. Rxe7 $18) 20. Rxf3 Bxa3 21. Rxe8+ Kxe8 22. Rxa3
a6 23. Rb3 b5 24. Ra3 {mit besserem Endspiel fuer Weiss.}) 19. Rxe7 Qxf4 20. h3
Bh5 {Es sieht fast alles OK fuer Schwarz, aber mit} 21. g6 $3 {bekommt Weiss
entscheidende Angriff.} Bxg6 (21... fxg6 $2 22. Qc5 Kg8 23. Ng5 {gefolgt von
Dc4+ und Matt.}) 22. Qc5 Kg8 23. Ng5 Qb8 $8 24. d5 $1 Rh5 ({Auch} 24... cxd5 {
reicht nicht wegen} 25. Qb5 $1 Be4 $8 26. R1xe4 $3 dxe4 27. Qf5 Qf8 28. Rxf7
Qd6 (28... Qb4 29. Rf8+ $1 {mit Matt.}) 29. Rxb7 Rf8 $8 30. Rb8 $3 {(Fritz)}
Qd1+ 31. Kh2 $1 Qd6+ 32. Kg2 Rh6 33. Qf7+ Kh8 34. Qxf8+ Qxf8 35. Rxf8#) 25. d6
f6 26. f4 $3 fxg5 27. f5 Rh6 (27... Bf7 28. Rxf7 Kxf7 29. Qc4+ Kf8 30. Re7 Qe8
31. Qd4 $3 Rh7 (31... Qxe7 32. dxe7+ Kf7 (32... Kxe7 33. Qxg7+ $18) 33. Qd7 Re8
34. Qe6#) (31... Qf7 32. Rxf7+ Kxf7 33. Qc4+ Kf8 34. Qe2 $1 Rh8 35. Qe7+ Kg8
36. f6 gxf6 37. d7 $18) 32. Rxe8+ Rxe8 33. d7 Rd8 34. Qd6+ Kf7 35. Qe6+ Kf8 36.
f6 g6 37. Qd6+ Kg8 38. Qe7 $1 $18) 28. Qe5 $4 {[%mdl 8192] Est ist
unglaubliche schade, dass Anand mit diesem grossem Blunder die hervorragend
geführte Partie wegwirft. Zum Gewinn führten die beiden anderen Damenzüge:} (
28. Qc4+ Kh8 29. fxg6 Qf8 (29... Rxg6 30. Qf7 Qxd6 31. Re8+ Rxe8 32. Rxe8+ Kh7
33. Qg8+ Kh6 34. Qh8#) 30. Qe6 $18) ({Oder auch} 28. Qd4 Qf8 (28... Bf7 29.
Rxf7 Kxf7 30. Re7+ Kg8 31. Qxg7#) 29. fxg6 Rxg6 30. d7 $18) 28... Bf7 $19 29.
d7 (29. Rd1 Rf6 30. d7 Qd8 $1 $19) 29... Qxe5 30. R1xe5 Kf8 0-1

[Event "Siemens Giants"]
[Site "Frankfurt"]
[Date "1999.06.30"]
[Round "6"]
[White "Kasparov, Garry"]
[Black "Anand, Viswanathan"]
[Result "1/2-1/2"]
[WhiteElo "2812"]
[BlackElo "2781"]
[Annotator "Mikhalevski,V"]
[PlyCount "55"]
[EventDate "1999.06.29"]
[EventType "tourn (rapid)"]
[EventRounds "12"]
[EventCountry "GER"]
[EventCategory "21"]
[SourceTitle "CBM 072"]
[Source "ChessBase"]
[SourceDate "1999.10.01"]
[SourceVersion "1"]
[SourceVersionDate "1999.10.01"]
[SourceQuality "1"]

1. e4 e5 2. Nf3 Nc6 3. d4 exd4 4. Nxd4 Bc5 5. Nxc6 Qf6 6. Qd2 dxc6 7. Nc3 Ne7 {
Black returns to the classical continuation as 7...Qe7 in according to
Leko-Svidler leads to slightly better for white endgame.} (7... Qe7 8. Qg5 $1
Nf6 9. Be3 $1 Bxe3 (9... Bb4 $6 10. e5 Ne4 11. Qxg7 Rf8 12. a3 Bxc3+ 13. bxc3
Bf5 14. Bd3 Bg6 15. Bxe4 Bxe4 16. Bh6 {1-0 Nataf,I-Kharitonov,A/Koszalin POL
1999 (16)}) 10. Qxe3 Be6 11. h3 Nd7 12. Be2 f6 13. O-O-O O-O 14. Kb1 Rfe8 15.
Bh5 Red8 16. Ne2 Kh8 17. Bg4 Ne5 18. Bxe6 Qxe6 19. b3 a5 20. Rxd8+ Rxd8 21. Qa7
Nf7 22. Nc3 Qe5 23. Qe3 Re8 24. Rd1 Nd6 25. f4 {1/2-1/2 Leko,P-Svidler,P/
Linares ESP 1999 (25)}) 8. Qf4 Qd6 $5 $146 {[%cal Ge7g6][%mdl 8] A new move in
well-known position.Black's idea is very simple.He doesn't want to double his
pawns on the king side,but to correct pawn structure on the queen side.} ({
Other options are:} 8... Be6 9. Qxf6 gxf6 10. Na4 (10. f4 f5 11. Bd2 O-O-O 12.
O-O-O Rhg8 13. g3 h5 14. Bh3 h4 15. Na4 Bf2 16. Bb4 Rxd1+ 17. Rxd1 hxg3 18.
hxg3 b5 19. Bxe7 bxa4 20. Bxf5 Bxf5 21. exf5 Be3+ 22. Kb1 Rxg3 23. Rd8+ Kb7 24.
a3 Bxf4 25. Rf8 Be5 {1/2-1/2 Anand,V-Shirov,A/Linares 1997/CBM 57/[Shirov] (25)
}) 10... Bb4+ (10... Bb6 11. Bd2 Rg8 12. f4 f5 13. e5 O-O-O 14. Nxb6+ cxb6 15.
O-O-O c5 16. Rg1 Nc6 17. b3 a5 18. Bd3 Kc7 19. Rde1 Nb4 20. Bxb4 axb4 21. Kb2
Rd4 22. g3 Kc6 23. Rd1 Rgd8 24. Be2 Rxd1 25. Rxd1 Rxd1 26. Bxd1 Kd5 27. Kc1 Ke4
28. Kd2 b5 29. Bh5 Bd5 30. Ke2 Kd4 31. Kd2 c4 32. Bd1 Be4 {1/2-1/2 Arakhamia,
K-Smyslov,V/Roquebrune 1998/CBM 67 noVC (32)}) 11. Bd2 Bxd2+ 12. Kxd2 f5 13.
Re1 O-O-O+ 14. Kc1 fxe4 15. Nc5 Bf5 16. Nxe4 Nd5 17. Bd3 Bg6 18. Nc5 b6 19.
Bxg6 hxg6 20. Nd3 Rh7 21. Ne5 Rd6 22. g3 c5 23. f4 {Palac,M-Malaniuk,V/Lucerne
1997/CBM 62/[Mikhalevski,V]/1-0 (41)}) (8... Ng6 9. Qxf6 gxf6 10. Bd2 Rg8 11.
Na4 Bd6 12. O-O-O Be6 13. Nc3 O-O-O 14. g3 Bg4 15. Be2 Ne5 16. Bf4 Bh3 17. Bh5
Bc5 18. Rxd8+ Rxd8 19. Nd1 Bg2 20. Re1 Nf3 21. Re2 Ng1 22. Bg4+ Kb8 23. Rd2
Rxd2 24. Kxd2 Bxe4 25. Nc3 Bg2 26. Be3 Be7 27. Bh5 Nf3+ 28. Ke2 Ng1+ {1/2-1/2
Kasparov,G-Topalov,V/Las Palmas 1996/CBM 57/[Kramnik] (28)}) (8... Qe6 9. Be3
Bd6 10. Qg5 h6 11. Qh5 O-O 12. Bd3 f5 13. exf5 Nxf5 14. O-O Nxe3 15. fxe3 Bd7
16. Ne4 Rae8 17. b3 Qe5 18. Rxf8+ Bxf8 19. Qxe5 Rxe5 20. Rf1 Be6 21. Rf4 b5 22.
Kf2 Be7 23. Ng3 {Ashley,M-Goldin,A/Philadelphia 1997/CBM 60 ext/1-0 (60)}) 9.
Be2 (9. Be3 Bxe3 10. Qxe3 f5 11. exf5 Bxf5 12. Rd1 Qg6 13. Bc4 Qxg2 14. Kd2 Qh3
15. f3 Qh4 16. Rhe1 O-O-O+ 17. Bd3 Bxd3 18. cxd3 Nd5 $17 {0-1 Reinaldo
Castineira,R-Korneev,O/Mondariz Balneario ESP 1999 (48)}) (9. Qg3 $5 Ng6 10.
Bd2 {[%cal Gf2f4] following by f4 and then 0-0-0 was probably an interesting
attempt in the fight for initiative.}) 9... Ng6 {The idea of the previous move.
} 10. Qg3 ({Certainly} 10. Qxd6 cxd6 {can't satisfy White.}) 10... f5 $1 {
[%cal Gf5f4]} 11. f4 $8 {[%cal Gc1d2,Ge1c1] White must prevent f5-f4.Now his
plan is preparing long castle by means of Bd2 while keeping tension in the
centre.} (11. exf5 $2 Bxf5 $15) 11... Qd4 $1 {[%cal Gf5e4]} ({In case of slow} 
11... Be6 12. Bd3 O-O 13. Bd2 {[%cal Ge1c1]} Z0 {following by} 14. O-O-O {
White obtain slight,but long-term advantage.}) 12. Bd3 (12. e5 $5 {[%cal Gc1d2]
}) (12. Bh5 $6 fxe4 $1 13. Bxg6+ hxg6 14. Qxg6+ Kf8 {[%csl Re1]} 15. Nxe4 $140
$2 Rh6 $19) 12... Bb4 $1 {Anand accepts the challenge.} ({After} 12... O-O {
White completes development comfortably getting better position thanks to the
better pawn structure.} 13. Ne2 $1 {[%cal Ge4e5] following by} Z0 14. e5 Z0 {
and then} 15. Bd2) 13. exf5 $2 {Very risky.White should submit with an
equality after 13.Bd2.} (13. Bd2 {is probably not sufficient for advantage,but
certainly safer than 13.ef} fxe4 14. Bxe4 (14. Nxe4 Bxd2+) 14... O-O $1 {
[%cal Gb4c3]} (14... Bxc3 $2 15. Bxg6+ $1 hxg6 16. Qxg6+ Kf8 17. bxc3) 15. Bxg6
hxg6 16. O-O-O $1 (16. Qxg6 $2 Bf5 $40 {[%csl Re1]}) 16... Bxc3 17. Bxc3 Qxf4+
18. Qxf4 Rxf4 $11 {[%cal Gc8g4] and White can't make use of the temporary
superiority of his pieces.}) 13... Bxc3+ 14. bxc3 (14. Kd1 $6 Bxb2 15. fxg6
Bxa1 16. Re1+ Kd8 17. Ba3 Bd7) 14... Qxc3+ 15. Kf2 O-O $1 (15... Qxa1 $2 {
would be a decisive mistake as after} 16. Qe3+ (16. fxg6 $143 O-O {see 15...0-0
}) 16... Ne7 (16... Kd8 17. fxg6 {[%cal Gh1d1]}) 17. Ba3 Qf6 18. Re1 O-O 19.
Bxe7 Qf7 20. Qc5 $1 $18 {[%cal Gd3c4] White's attack becomes unstopable.}) 16.
fxg6 Qxa1 {[%cal Gc8f5]} 17. Qh4 $5 (17. gxh7+ Kh8 {[%cal Gc8f5]} 18. Re1 Bf5
$1) (17. Be3 Qc3 (17... Qxh1 $2 18. Bc4+ Kh8 19. Qh4 h6 20. Qxh6+ $1) (17...
Qxa2 $5)) 17... h6 18. Bc4+ {First of all White should take under control the
a2-g8 diagonal.} (18. Be3 $2 {is refuted by simple} Qxa2 $1 {[%csl Gc4]} ({
But not} 18... Qxh1 $4 {which allows White to finish the game beautifully:} 19.
Bc4+ Kh8 20. Qxh6+ $1 gxh6 21. Bd4+)) 18... Kh8 19. Bf7 $5 ({Now} 19. Be3 $5 {
leads to transposition after} Qc3 (19... Qxh1 $4 20. Qxh6+ $1 gxh6 21. Bd4+)
20. Bf7) 19... Qc3 $1 {Vishy doesn't take chances and comes with the most
solid continuation.} (19... Qf6 $2 {is bad in view of} 20. Qxf6 gxf6 21. Ba3
Rd8 $140 22. Be7) (19... Bf5 $5 {was interesting with following examplary
variations:} 20. g4 (20. Be3 Qc3) 20... Be4 (20... Bxc2 $6 21. f5) 21. f5 $1 {
[%cal Gc1h6]} (21. Re1 $6 Bd5 $1 (21... Qd4+ 22. Be3 {[%cal Gg4g5,Gf4f5]}) (
21... Qc3 22. Rxe4 $1 Qxc2+ 23. Re2 Qxc1 24. g5 Qc5+ $13) 22. f5 Qd4+ 23. Be3
Qe4 $1) 21... Qc3 (21... Qd4+ 22. Be3 Qd8 $140 $2 (22... Qc3 $142) 23. Qh5 $1
$18) 22. Bxh6 $1 Qf3+ 23. Ke1 Qxh1+ 24. Kf2 $1 Qg2+ 25. Ke1 Qg1+ 26. Ke2 Bf3+
$1 (26... Qg2+ $11) 27. Kxf3 Qf1+ 28. Ke4 $1 Rfe8+ $1 (28... Rae8+ 29. Kd4 $1
c5+ 30. Kxc5 $1 b6+ 31. Kb4 Qe1+ 32. Qxe1 Rxe1 33. f6 $1 Rg8 $1 $13) 29. Be6 $1
Rxe6+ 30. fxe6 Qc4+ $1 31. Kf3 $1 Qf1+ $11) 20. Be3 {[%cal Gh1d1,Gf4f5]} Be6 $2
{After series of brilliant moves Vishy commits an offensive mistake.} (20...
Qxc2+ $142 21. Kf3 {[%cal Gh4h6]} Qd3 $1 $17 {and White's attack reaches a
deadlock.}) 21. Bxe6 Rae8 22. Qh3 $1 {[%csl Ge3,Ge6][%mdl 256] It was very
essential to defend both bishops as in the case of 22.Qg4 unprotectness of the
e3-bishop would play the decisive role.} (22. Qg4 $2 {[%csl Re3]} Qxc2+ 23. Kf3
(23. Kg3 Qe4 {[%csl Re3,Re6]}) 23... Rf6 $1 {[%csl Re3][%cal Gc2e4]}) 22...
Qxc2+ 23. Kf3 Qxg6 24. Bg4 $1 {[].This time Garry comes with the series of
only moves.} (24. f5 $4 Qxe6) (24. Bb3 Qe4+ 25. Ke2 (25. Kf2 Rxf4+ $1 26. Bxf4
Qxf4+ 27. Qf3 Qd2+ 28. Kg3 Re3 $19) 25... Qxf4 $19) 24... Qe4+ 25. Kf2 Rxf4+ {
Perhaps this decision was called out by the time-trouble or maybe after 22...
Be6? Vishy didn't want to run risks.} (25... Qc2+ $5 26. Kf3 (26. Be2 $2 Rf7 $1
{[%cal Gf7e7]} (26... Re7) 27. Rc1 Qb2 28. Rc5 Rxf4+ $1 29. Bxf4 Qxe2+ 30. Kg3
Re3+ $1 $19) 26... Qxa2 $15 {and four extra pawns on the queen side secure at
least better play.}) 26. Bxf4 Qxf4+ 27. Bf3 {Now draw is inevitable as 27...
Qd2 following by Q:a2 is dagerous.} Qd4+ (27... Qd2+ 28. Kg3 Qxa2 $6 29. Qd7 (
29. Qf5 $5) 29... Qe6 30. Qxe6 $1 Rxe6 31. Rd1 {[%cal Gd1d7]} Rd6 (31... Re7
32. Rd8+ Kh7 33. Rb8) 32. Re1 {[%csl Ra7,Rb7,Rc7][%cal Ge1e7]}) 28. Kg3 {
Short,but very rich in content game!} (28. Kg3 Qe5+ $11) 1/2-1/2

[Event "GSM World Blitz Cup"]
[Site "Warsaw"]
[Date "2000.01.09"]
[Round "?"]
[White "Karpov, Anatoly"]
[Black "Anand, Viswanathan"]
[Result "0-1"]
[WhiteElo "2700"]
[BlackElo "2771"]
[PlyCount "86"]
[EventDate "2000.01.09"]
[EventType "swiss (blitz)"]
[EventRounds "3"]
[EventCountry "POL"]
[SourceTitle "EXT 2001"]
[Source "ChessBase"]
[SourceDate "2000.11.22"]
[SourceVersion "1"]
[SourceVersionDate "2000.11.22"]
[SourceQuality "1"]

1. d4 Nf6 2. c4 e6 3. Nf3 b6 4. g3 Ba6 5. b3 Bb4+ 6. Bd2 Be7 7. Bg2 c6 8. Bc3
d5 9. Nbd2 Nbd7 10. O-O O-O 11. Re1 Bb7 12. Rc1 c5 13. Bb2 Rc8 14. cxd5 exd5
15. Rc2 Re8 16. Bh3 Rc7 17. Nf1 c4 18. Ne3 b5 19. bxc4 dxc4 20. Bg2 Be4 21. Rc1
Nb6 22. Ne5 Bxg2 23. Kxg2 b4 24. Rc2 c3 25. Bc1 Bd6 26. f4 Qa8+ 27. Kg1 Nbd5
28. Nxd5 Qxd5 29. Qd3 Ne4 30. Rd1 f6 31. Ng4 Bf8 32. Ne3 Qc6 33. d5 Qc5 34. Kg2
Nd6 35. Nf5 Nxf5 36. Qxf5 a5 37. e4 a4 38. Re2 b3 39. axb3 axb3 40. Rf1 Rb7 41.
Rff2 Qc8 42. Qxc8 Rxc8 43. e5 Bc5 0-1